[Event "Neuquen U2200 op"]
[Site "Neuquen"]
[Date "2017.08.19"]
[Round "3.3"]
[White "Farias, Guillermo"]
[Black "Villagra, Juan Carlos"]
[Result "1-0"]
[WhiteElo "2011"]
[BlackElo "1856"]
[PlyCount "85"]
[EventDate "2017.08.18"]
[EventType "swiss"]
[EventRounds "6"]
[EventCountry "ARG"]
[SourceTitle "EXT 2024"]
[Source "ChessBase"]
[SourceDate "2023.10.10"]
[SourceVersion "1"]
[SourceVersionDate "2023.10.10"]
[SourceQuality "1"]

1. e4 e5 2. Nf3 Nc6 3. d4 exd4 4. Nxd4 Nf6 5. Nxc6 bxc6 6. e5 Qe7 7. Qe2 Nd5 8. c4 Ba6 9. Qe4 Nf6 10. Qe2 Nd5 11. b3 f6 12. Qe4 Nb6 13. f4 fxe5 14. Ba3 Qe6 15. f5 Qf6 16. Bb2 Bb4+ 17. Nd2 Bxd2+ 18. Kxd2 0-0 19. g4 Rfe8 20. c5 Bxf1 21. Raxf1 d5 22. cxd6 Rad8 23. d7 Rxd7+ 24. Kc1 Rd5 25. h4 Nd7 26. g5 Qd6 27. f6 gxf6 28. g6 h6 29. Kb1 Rd2 30. Bc1 Qd3+ 31. Qxd3 Rxd3 32. Bxh6 e4 33. h5 e3 34. Bf4 e2 35. Re1 Rf3 36. Bxc7 Nc5 37. h6 Nd3 38. h7+ Kg7 39. Rxe2 Rh8 40. Rg1 Rc8 41. Re7+ Kh8 42. g7+ Kxh7 43. g8Q+ 1-0

[Event "Neuquen U2200 op"]
[Site "Neuquen"]
[Date "2017.08.18"]
[Round "2.4"]
[White "Larroquet, Nazareno"]
[Black "Farias, Guillermo"]
[Result "0-1"]
[WhiteElo "1712"]
[BlackElo "2011"]
[PlyCount "46"]
[EventDate "2017.08.18"]
[EventType "swiss"]
[EventRounds "6"]
[EventCountry "ARG"]
[SourceTitle "EXT 2024"]
[Source "ChessBase"]
[SourceDate "2023.10.10"]
[SourceVersion "1"]
[SourceVersionDate "2023.10.10"]
[SourceQuality "1"]

1. Nf3 Nf6 2. c4 g6 3. d4 Bg7 4. g3 0-0 5. Bg2 d6 6. Nc3 Nbd7 7. 0-0 e5 8. e4 a6 9. h3 b5 10. dxe5 dxe5 11. cxb5 axb5 12. Bg5 h6 13. Bxf6 Bxf6 14. b4 c6 15. Qd2 Kg7 16. a4 bxa4 17. Nxa4 Be7 18. Qc3 Qc7 19. Rfc1 Rb8 20. Nc5 Nxc5 21. bxc5 f6 22. Bf1 Be6 23. Kh2 Rb3 0-1

[Event "Monte Grande Fasgba U2200 14th"]
[Site "Monte Grande"]
[Date "2017.06.16"]
[Round "1.3"]
[White "Farias, Guillermo"]
[Black "Capuano, Gabriel"]
[Result "1-0"]
[WhiteElo "1961"]
[BlackElo "1833"]
[PlyCount "75"]
[EventDate "2017.06.16"]
[EventType "swiss"]
[EventRounds "6"]
[EventCountry "ARG"]
[SourceTitle "EXT 2024"]
[Source "ChessBase"]
[SourceDate "2023.10.10"]
[SourceVersion "1"]
[SourceVersionDate "2023.10.10"]
[SourceQuality "1"]

1. e4 c5 2. Nf3 e6 3. d3 Nc6 4. g3 g6 5. Bg2 Bg7 6. 0-0 Nge7 7. Re1 0-0 8. c3 d5 9. e5 Qb6 10. Nbd2 Bd7 11. h4 Rad8 12. Nf1 d4 13. c4 Nb8 14. Qe2 Bc6 15. Bg5 Rde8 16. Qd2 Nd7 17. N1h2 Qc7 18. Bf4 Qc8 19. Ng4 f6 20. exf6 Nxf6 21. Nge5 Nh5 22. Nxc6 Nxc6 23. Bd6 Rf7 24. Ng5 Bh6 25. Bxc5 Rf5 26. Bd6 Qd7 27. g4 Qxd6 28. gxf5 gxf5 29. Nf7 Bxd2 30. Nxd6 Re7 31. Re2 Bb4 32. Bxc6 Bxd6 33. Bf3 Rg7+ 34. Kh1 Nf4 35. Rd2 Nh3 36. a3 Bf4 37. Re2 e5 38. Bg2 1-0

[Event "Buenos Aires La Porta Cup-A"]
[Site "Buenos Aires"]
[Date "2017.03.25"]
[Round "1"]
[White "Mekhitarian, Krikor Sevag"]
[Black "Farias, Guillermo"]
[Result "1-0"]
[WhiteElo "2544"]
[BlackElo "1921"]
[PlyCount "95"]
[EventDate "2017.03.25"]
[EventType "swiss"]
[EventRounds "9"]
[EventCountry "ARG"]
[SourceTitle "CBM 177 Extra"]
[Source "ChessBase"]
[SourceDate "2017.04.27"]
[SourceVersion "1"]
[SourceVersionDate "2017.04.27"]
[SourceQuality "1"]

1. e4 c5 2. Nf3 d6 3. d4 cxd4 4. Nxd4 Nf6 5. Nc3 g6 6. Be2 Bg7 7. 0-0 0-0 8. Re1 Bd7 9. Bf1 Nc6 10. Nb3 Rc8 11. Nd5 Re8 12. c3 Be6 13. Bg5 Bxd5 14. exd5 Ne5 15. Qd4 a6 16. Rad1 Ned7 17. Qb4 Qb6 18. Qxb6 Nxb6 19. Na5 Rc7 20. c4 Kf8 21. b3 Nbd7 22. Be3 Ng4 23. Bd2 Bh6 24. f4 Bg7 25. g3 f5 26. b4 Kf7 27. Kg2 Ngf6 28. Bd3 e5 29. c5 Bf8 30. cxd6 Bxd6 31. Nc4 Rxc4 32. Bxc4 Rc8 33. Bb3 Ne4 34. fxe5 Nxe5 35. Bf4 Kf6 36. Rc1 Re8 37. Bxe5+ Kxe5 38. a3 Kd4 39. Red1+ Ke5 40. Rc4 Re7 41. Rc8 a5 42. bxa5 Bxa3 43. Rd8 Bd6 44. Rc1 Bc7 45. Ra8 Kd6 46. a6 bxa6 47. Rc6+ Ke5 48. Ra7 1-0

[Event "Villa Martelli ProAm op 23rd"]
[Site "Villa Martelli"]
[Date "2016.11.24"]
[Round "6"]
[White "Farias, Guillermo"]
[Black "Juarez, Carlos Eleodoro"]
[Result "0-1"]
[WhiteElo "1957"]
[BlackElo "2067"]
[PlyCount "54"]
[EventDate "2016.11.20"]
[EventType "swiss"]
[EventRounds "9"]
[EventCountry "ARG"]
[SourceTitle "CBM 175 Extra"]
[Source "ChessBase"]
[SourceDate "2016.12.12"]
[SourceVersion "1"]
[SourceVersionDate "2016.12.12"]
[SourceQuality "1"]

1. e4 c5 2. Nf3 a6 3. d3 d6 4. g3 Nc6 5. Bg2 g6 6. 0-0 Bg7 7. c3 e5 8. Nbd2 Nge7 9. a3 0-0 10. b4 b6 11. Rb1 h6 12. Nh4 Kh7 13. Nc4 b5 14. Ne3 Rb8 15. Nd5 Nxd5 16. exd5 Ne7 17. bxc5 dxc5 18. c4 Bd7 19. Be3 Rc8 20. d6 Nf5 21. Nxf5 Bxf5 22. g4 Be6 23. cxb5 axb5 24. Rxb5 Qxd6 25. a4 Rfd8 26. a5 c4 27. Bb6 cxd3 0-1

[Event "Villa Martelli ProAm op 23rd"]
[Site "Villa Martelli"]
[Date "2016.11.21"]
[Round "3"]
[White "Farias, Guillermo"]
[Black "Bacigalupo, Juan Pablo"]
[Result "1-0"]
[WhiteElo "1957"]
[BlackElo "1536"]
[PlyCount "67"]
[EventDate "2016.11.20"]
[EventType "swiss"]
[EventRounds "9"]
[EventCountry "ARG"]
[SourceTitle "CBM 175 Extra"]
[Source "ChessBase"]
[SourceDate "2016.12.12"]
[SourceVersion "1"]
[SourceVersionDate "2016.12.12"]
[SourceQuality "1"]

1. e4 c5 2. Nf3 d6 3. d4 cxd4 4. Nxd4 Nf6 5. Nc3 a6 6. Be2 Nc6 7. Be3 e6 8. Qd2 Be7 9. f4 Nxd4 10. Bxd4 0-0 11. Bf3 Rb8 12. 0-0 b5 13. e5 dxe5 14. fxe5 Nd5 15. Nxd5 exd5 16. Rad1 Bg5 17. Qf2 Be6 18. Bc5 Re8 19. Bd6 Qb6 20. Qxb6 Rxb6 21. Rfe1 f6 22. Bc5 Rc6 23. b4 fxe5 24. Rxd5 Bf6 25. Rdxe5 Bxe5 26. Bxc6 Bc3 27. Re3 Bd2 28. Bxe8 Bxe3+ 29. Bxe3 Bxa2 30. Bc6 Bc4 31. Bb7 h6 32. Bxa6 g5 33. h4 gxh4 34. Bxh6 1-0

[Event "Monte Grande Pre ITT FASGBA"]
[Site "Monte Grande"]
[Date "2015.12.13"]
[Round "7.1"]
[White "Farias, Guillermo"]
[Black "Barrientos Medina, Juan Carlos"]
[Result "1/2-1/2"]
[WhiteElo "1989"]
[BlackElo "2062"]
[PlyCount "95"]
[EventDate "2015.12.04"]
[EventType "swiss"]
[EventRounds "7"]
[EventCountry "ARG"]
[SourceTitle "EXT 2024"]
[Source "ChessBase"]
[SourceDate "2023.10.10"]
[SourceVersion "1"]
[SourceVersionDate "2023.10.10"]
[SourceQuality "1"]

1. e4 c6 2. d4 d5 3. e5 Bf5 4. h4 Bd7 5. Bd3 e6 6. c3 c5 7. dxc5 Bxc5 8. Qg4 Bf8 9. Ne2 Nc6 10. f4 h5 11. Qf3 g6 12. Nd2 Nh6 13. Nb3 Nf5 14. Bxf5 gxf5 15. Be3 Na5 16. Nxa5 Qxa5 17. b4 Qa3 18. Bc1 Qa4 19. Bd2 Bb5 20. Nd4 Rc8 21. Kf2 Rc4 22. a3 Rg8 23. Qxh5 Bc5 24. bxc5 Rxd4 25. Qd1 Rd3 26. Qxa4 Bxa4 27. Be1 Rdg3 28. Rh2 d4 29. cxd4 Bc6 30. Ra2 Rxg2+ 31. Ke3 Rg1 32. Bf2 R1g2 33. Rxg2 Rxg2 34. Ra1 Kf8 35. Rg1 Kg7 36. Rxg2+ Bxg2 37. a4 Kh6 38. a5 a6 39. Bg3 Kh5 40. Be1 Kg4 41. c6 Bxc6 42. Bb4 Kxh4 43. Be7+ Kg3 44. Bg5 Kg2 45. Kd3 Kf3 46. Kc4 Ke3 47. Kc5 Kd3 48. Bd8 1/2-1/2

[Event "Monte Grande Valerio Lorenzi 2nd"]
[Site "Monte Grande"]
[Date "2015.05.18"]
[Round "5.4"]
[White "Gawel, Alfredo Juan"]
[Black "Farias, Guillermo"]
[Result "0-1"]
[WhiteElo "1722"]
[BlackElo "1980"]
[PlyCount "74"]
[EventDate "2015.05.08"]
[EventType "swiss"]
[EventRounds "7"]
[EventCountry "ARG"]
[SourceTitle "EXT 2024"]
[Source "ChessBase"]
[SourceDate "2023.10.10"]
[SourceVersion "1"]
[SourceVersionDate "2023.10.10"]
[SourceQuality "1"]

1. e4 e6 2. d4 d5 3. Nd2 Nf6 4. e5 Nfd7 5. Ngf3 c5 6. c3 Be7 7. Qc2 b6 8. c4 Bb7 9. Be2 cxd4 10. Nxd4 Nxe5 11. cxd5 Bxd5 12. Bb5+ Ned7 13. 0-0 a6 14. Bd3 Nc5 15. Be2 0-0 16. Bf3 Bf6 17. Bxd5 Qxd5 18. N4f3 Qd3 19. Qd1 Nc6 20. Re1 Rfd8 21. Re3 Qd5 22. Qf1 Nb4 23. Re2 Nxa2 24. Rb1 Nd3 25. Ne4 Naxc1 26. Nxf6+ gxf6 27. Rd2 Nb3 28. Rdd1 Qe4 29. Ne1 Ndc5 30. Nf3 b5 31. Re1 Qd3 32. Rbd1 Qxf1+ 33. Kxf1 a5 34. Rxd8+ Rxd8 35. Ke2 a4 36. Rd1 Rxd1 37. Kxd1 Nd3 0-1

[Event "Villa Gesell Playas U2200 op"]
[Site "Villa Gesell"]
[Date "2014.08.16"]
[Round "2.1"]
[White "Farias, Guillermo"]
[Black "Loiterstein, Mariano"]
[Result "1-0"]
[WhiteElo "1981"]
[BlackElo "2179"]
[PlyCount "61"]
[EventDate "2014.08.16"]
[EventType "swiss"]
[EventRounds "7"]
[EventCountry "ARG"]
[SourceTitle "EXT 2024"]
[Source "ChessBase"]
[SourceDate "2023.10.10"]
[SourceVersion "1"]
[SourceVersionDate "2023.10.10"]
[SourceQuality "1"]

1. e4 c5 2. Nf3 e6 3. d4 cxd4 4. Nxd4 Nc6 5. Nb3 Nf6 6. Bd3 d5 7. exd5 Nxd5 8. a3 Be7 9. 0-0 0-0 10. c4 Nf6 11. Nc3 b6 12. Qe2 a6 13. Be3 Ne5 14. Bc2 Bb7 15. Rad1 Qc7 16. Rd4 Qc6 17. f3 Rac8 18. Nd2 Bc5 19. Rh4 Ng6 20. Bxg6 hxg6 21. b4 Bxe3+ 22. Qxe3 Rfd8 23. Nce4 Nxe4 24. Nxe4 Qc7 25. Nf6+ Kf8 26. Qg5 gxf6 27. Qxf6 Ke8 28. Rh8+ Kd7 29. Rd1+ Bd5 30. cxd5 Rxh8 31. Qxf7+ 1-0

[Event "Paraguay Gran Prix U2300 07"]
[Site "Paraguay"]
[Date "2013.07.11"]
[Round "2.1"]
[White "Farias, Guillermo"]
[Black "Malbran, Guillermo"]
[Result "1/2-1/2"]
[WhiteElo "2010"]
[BlackElo "2205"]
[PlyCount "49"]
[EventDate "2013.07.08"]
[EventType "swiss"]
[EventRounds "9"]
[EventCountry "ARG"]
[SourceTitle "EXT 2024"]
[Source "ChessBase"]
[SourceDate "2023.10.10"]
[SourceVersion "1"]
[SourceVersionDate "2023.10.10"]
[SourceQuality "1"]

1. e4 Nf6 2. e5 Nd5 3. c4 Nb6 4. d4 d6 5. exd6 exd6 6. Nc3 Be7 7. Qf3 0-0 8. Be3 c6 9. Bd3 N8d7 10. Nge2 Nf6 11. h3 d5 12. c5 Nc4 13. Bc1 b6 14. b3 Na5 15. b4 Nc4 16. Bxc4 dxc4 17. Qxc6 Be6 18. Bg5 a5 19. b5 bxc5 20. Bxf6 Bxf6 21. Qxc5 Rc8 22. Qa7 Ra8 23. Qc5 Rc8 24. Qa7 Ra8 25. Qc5 1/2-1/2

[Event "Buenos Aires Duchamp Boca op 3rd"]
[Site "Buenos Aires"]
[Date "2013.06.25"]
[Round "5"]
[White "Besso, Guadalupe"]
[Black "Farias, Guillermo"]
[Result "1-0"]
[WhiteElo "1861"]
[BlackElo "2010"]
[PlyCount "67"]
[EventDate "2013.06.20"]
[EventType "swiss"]
[EventRounds "9"]
[EventCountry "ARG"]
[SourceTitle "CBM 155 Extra"]
[Source "ChessBase"]
[SourceDate "2013.08.26"]
[SourceVersion "1"]
[SourceVersionDate "2013.08.26"]
[SourceQuality "1"]

1. d4 Nf6 2. c4 g6 3. Nc3 Bg7 4. e4 d6 5. f4 0-0 6. Nf3 c5 7. d5 e6 8. dxe6 fxe6 9. Bd3 Nc6 10. 0-0 Nd4 11. Nxd4 cxd4 12. Nb5 e5 13. Qb3 Kh8 14. Qb4 Ne8 15. Bd2 Be6 16. Rac1 a6 17. Na3 b6 18. fxe5 Rxf1+ 19. Rxf1 Bxe5 20. Bf4 Bg7 21. Nc2 Rc8 22. b3 Qc7 23. Qe1 b5 24. cxb5 axb5 25. Na3 Qa7 26. Qb4 Ra8 27. Nxb5 Qxa2 28. Nxd4 Qa7 29. Be3 Rb8 30. Qa4 Qc5 31. b4 Qb6 32. b5 d5 33. Bf2 Rd8 34. Nc6 1-0

[Event "Buenos Aires Duchamp Boca op 3rd"]
[Site "Buenos Aires"]
[Date "2013.06.21"]
[Round "2"]
[White "Farias, Guillermo"]
[Black "Paveto, Kevin"]
[Result "0-1"]
[WhiteElo "2010"]
[BlackElo "2298"]
[PlyCount "76"]
[EventDate "2013.06.20"]
[EventType "swiss"]
[EventRounds "9"]
[EventCountry "ARG"]
[SourceTitle "CBM 155 Extra"]
[Source "ChessBase"]
[SourceDate "2013.08.26"]
[SourceVersion "1"]
[SourceVersionDate "2013.08.26"]
[SourceQuality "1"]

1. e4 d5 2. exd5 Qxd5 3. Nc3 Qa5 4. d4 Nf6 5. Nf3 Bg4 6. Bc4 Nc6 7. Be3 0-0-0 8. h3 Bxf3 9. Qxf3 e6 10. 0-0-0 Qb4 11. Qe2 a6 12. d5 Na5 13. Bxa6 Bc5 14. Bxc5 Qxc5 15. Qb5 Qxb5 16. Bxb5 exd5 17. Rhe1 Nc6 18. Bxc6 bxc6 19. Re7 Rd7 20. Rde1 Kd8 21. R7e2 Rd6 22. Re7 Rf8 23. f3 Nd7 24. R7e2 Nc5 25. b3 Ne6 26. g3 Nd4 27. Re3 Nf5 28. Rd3 Nxg3 29. Rg1 Nf5 30. Rg5 g6 31. Rg1 Re8 32. a4 Kd7 33. Kb2 Ne3 34. Rg3 f5 35. Rg1 d4 36. Na2 c5 37. c3 Nd5 38. cxd4 Re2+ 0-1

[Event "Buenos Aires Duchamp Memorial op 5th"]
[Site "Buenos Aires"]
[Date "2013.03.24"]
[Round "2"]
[White "Gaitan, Juan Manuel"]
[Black "Farias, Guillermo"]
[Result "1-0"]
[WhiteElo "2249"]
[BlackElo "1991"]
[PlyCount "51"]
[EventDate "2013.03.23"]
[EventType "swiss"]
[EventRounds "8"]
[EventCountry "ARG"]
[SourceTitle "CBM 153 Extra"]
[Source "ChessBase"]
[SourceDate "2013.04.22"]
[SourceVersion "1"]
[SourceVersionDate "2013.04.22"]
[SourceQuality "1"]

1. d4 Nf6 2. Nf3 g6 3. c4 Bg7 4. Nc3 d5 5. cxd5 Nxd5 6. e4 Nxc3 7. bxc3 c5 8. Rb1 0-0 9. Be2 Nc6 10. d5 Ne5 11. Nxe5 Bxe5 12. Qd2 f5 13. f4 Bg7 14. e5 b6 15. 0-0 Bd7 16. c4 Rb8 17. Rf3 Ba4 18. Ra3 Qd7 19. e6 Qe8 20. Bb2 Bxb2 21. Qxb2 Rd8 22. Bd1 Bxd1 23. Rxd1 Rf6 24. Rd2 Rd6 25. Rxa7 Qd8 26. Re2 1-0

[Event "Buenos Aires Duchamp Memorial op 4th"]
[Site "Buenos Aires"]
[Date "2012.10.23"]
[Round "2"]
[White "Farias, Guillermo"]
[Black "Arias, Maria Paula"]
[Result "1-0"]
[WhiteElo "1975"]
[BlackElo "1665"]
[PlyCount "81"]
[EventDate "2012.10.22"]
[EventType "swiss"]
[EventRounds "9"]
[EventCountry "ARG"]
[SourceTitle "EXT 2013"]
[Source "ChessBase"]
[SourceDate "2012.11.22"]
[SourceVersion "1"]
[SourceVersionDate "2012.11.22"]
[SourceQuality "1"]

1. e4 e6 2. d3 d5 3. Nd2 c5 4. g3 Nc6 5. Bg2 Nf6 6. Ngf3 dxe4 7. dxe4 Be7 8. 0-0 Qc7 9. c3 0-0 10. Re1 Rd8 11. e5 Ne8 12. h4 b6 13. Qe2 Bb7 14. Nf1 Rd7 15. Bf4 Rad8 16. N1h2 Nb8 17. Ng5 Bxg2 18. Kxg2 Qc6+ 19. Kg1 h6 20. Ne4 c4 21. Qg4 Kh7 22. Qh5 f5 23. Ng5+ Bxg5 24. hxg5 Kg8 25. gxh6 gxh6 26. Bxh6 Rd3 27. Qg6+ Kh8 28. Bg5 Ng7 29. Bxd8 Rxd8 30. Rad1 Rd3 31. Rxd3 cxd3 32. Rd1 Qe4 33. Qh6+ Kg8 34. Qd2 Nc6 35. f4 Na5 36. Qxd3 Qc6 37. Nf3 Kh7 38. Kf2 Kg6 39. Qd8 Qe8 40. Qf6+ Kh7 41. Ng5+ 1-0